| 000 | 00504nam a2200193Ia 4500 | ||
|---|---|---|---|
| 005 | 20260429111944.0 | ||
| 008 | 260429s9999||||xx |||||||||||||| ||und|| | ||
| 020 | _a9788184113648 | ||
| 041 | _aEnglish | ||
| 082 |
_a546 _bSIN |
||
| 100 | _aSingh, Bharat | ||
| 245 | 0 |
_aInorganic biochemistry / _cBharat Singh |
|
| 260 |
_aNew Delhi : _bSonali Publications, _c2025. |
||
| 300 | _avii, 344 p.; hb | ||
| 650 | _a Biochemistry | ||
| 650 | _a Inorganic chemistry | ||
| 650 | _aChemistry | ||
| 942 | _cTB | ||
| 999 |
_c51607 _d51607 |
||